Senderos de paz : (Registro nro. 7787)

Detalles MARC
000 -LIDER
fixed length control field 00860nam a2200265 a 4500
001 - NÚMERO DE CONTROL
Identificador de número de control 000044382
003 - IDENTIFICACDOR DE NÚMERO DE CONTROL
control field DO-SdBNP
005 - DATE AND TIME OF LATEST TRANSACTION
control field 20180402085907.0
007 - CAMPOS FIJOS DE DESCRIPCIÓN FÍSICA
fixed length control field 000044382
008 - ELEMENTOS DE LONGITUD FIJA
fixed length control field 140626s20uu dr a 000 0 spa d
040 ## - FUENTE DE CATALOGACIÓN
Agencia que crea de manera original el registro BPMSU
Idioma de catalogación spa
Agencia que realiza la transcripción BPMSU
092 ## - LOCALLY ASSIGNED DEWEY DECIMAL CALL NUMBER
Número de clasificación xxxx
Número de ítem (Cutter) xxxx
100 1# - ASIENTO PRINCIPAL -- NOMBRE PERSONAL
Nombre personal Luciano López, Margarita
245 10 - MENCIÓN DE TITULO
Título Senderos de paz :
Subtítulo cuentos para niños /
Mención de responsabilidad Margarita Luciano López.
260 ## - PUBLICACIÓN, DISTRIBUCIÓN, ETC. (PIE DE IMPRENTA)
Lugar de publicación, distribución, etc Santo Domingo :
Nombre del editor, distribuidor, etc. CICAP,
Fecha de publicación, distribución, etc [199?]
300 ## - DESCRIPCIÓN FÍSICA
Extensión 24 p. :
Otros detalles físicos il. ;
Dimensiones 24 cm.
500 ## - NOTA GENERAL
Nota general Incluye datos biográficos de la autora en la solapa de la contracubierta
590 ## - NOTA LOCAL
Texto de la nota local La biblioteca posee un ejemplar autografiado por la autora
930 #1 - EQUIVALENCE OR CROSS-REFERENCE-UNIFORM TITLE HEADING [LOCAL, CANADA]
Language of a work
Medium of performance for music
Field link and sequence number
Date of a work
Name of part/section of a work
Miscellaneous information
942 ## - ADDED ENTRY ELEMENTS (KOHA)
Source of classification or shelving scheme Dewey Decimal Classification
Koha item type Libros
945 ## - INFORMACIÓN DE PROCESAMIENTO LOCAL
Información de procesamiento local Inventariado infantil dom / 2017 VM
956 ## - LOCAL ELECTRONIC LOCATION AND ACCESS (OCLC)
Nombre de host
Número de acceso
Información de compresión
Inicio de sesión
Procesador de solicitud
956 ## - LOCAL ELECTRONIC LOCATION AND ACCESS (OCLC)
Nombre de host
Número de acceso
Información de compresión
Inicio de sesión
Procesador de solicitud
956 ## - LOCAL ELECTRONIC LOCATION AND ACCESS (OCLC)
Nombre de host VMATEO
Número de acceso 10
Información de compresión 20150505
Inicio de sesión BPMSU
Procesador de solicitud 00151
Existencias
Withdrawn status Lost status Source of classification or shelving scheme Damaged status Not for loan Collection code Home library Current library Date acquired Source of acquisition Total Checkouts Barcode Date last seen Price effective from Koha item type Copy number
    Dewey Decimal Classification     Colección Infantil Dominicana Biblioteca Pública Metropolitana Salomé Ureña Biblioteca Pública Metropolitana Salomé Ureña 05/05/2015 Margarita Luciano   BPM15051533 05/05/2015 05/05/2015 Libros  
    Dewey Decimal Classification     Colección Infantil Dominicana Biblioteca Pública Metropolitana Salomé Ureña Biblioteca Pública Metropolitana Salomé Ureña 05/05/2015 Margarita Luciano   BPMET15051534 05/05/2015 05/05/2015 Libros e. 2
    Dewey Decimal Classification     Colección Infantil Dominicana Biblioteca Pública Metropolitana Salomé Ureña Biblioteca Pública Metropolitana Salomé Ureña 05/05/2015 Margarita Luciano   BPMSU15051535 05/05/2015 05/05/2015 Libros e. 3